| 000 | 01012cam a22003137a 4500 | ||
|---|---|---|---|
| 003 | CHAP | ||
| 005 | 20220329140818.0 | ||
| 008 | 971013s r 00010 d | ||
| 010 | _a58028 | ||
| 011 | _a59000 | ||
| 035 | _a63157 | ||
| 040 | _cCHAP | ||
| 090 | _aR-2151 | ||
| 100 | 0 | 0 |
_aSmith, F. W. _9107002 |
| 245 | 0 | _aFoliar symptoms of nutrient disorders in chickpea (Cicer arietinum) | |
| 500 | _aSobretiro de : CSIRO Aust. Div. Trop. Crops. Past. Tech. Pap. 23 : 1-11, 1983 | ||
| 590 |
_aBATCH-UPD _b10 _c20130110 _lUCH01 _h0358 |
||
| 590 |
_aBATCH-UPD _b10 _c20130110 _lUCH01 _h2207 |
||
| 590 |
_aBATCH-UPD _b10 _c20130410 _lUCH01 _h1512 |
||
| 590 |
_aBATCH-UPD _b10 _c20130914 _lUCH01 _h1201 |
||
| 590 |
_aCONVERSION _b10 _c20130109 _lUCH01 _h1331 |
||
| 650 | 1 | 4 |
_aDiagnóstico foliar. _932394 |
| 650 | 1 | 4 |
_aGarbanzo. _945596 |
| 650 | 1 | 4 |
_aPlantas _xDeficiencias nutritivas. _988812 |
| 700 | 0 |
_aPieters, W. H. _988044 |
|
| 901 | _aBK | ||
| 942 | _cREIMP | ||
| 949 |
_aR-2151 _bBC _cR _d-135653 _eTS1 _i63157 _si |
||
| 999 |
_c58028 _d58028 |
||